<?xml version="1.0" encoding="UTF-8"?>
<record
    xmlns:xsi="http://www.w3.org/2001/XMLSchema-instance"
    xsi:schemaLocation="http://www.loc.gov/MARC21/slim http://www.loc.gov/standards/marcxml/schema/MARC21slim.xsd"
    xmlns="http://www.loc.gov/MARC21/slim">

  <leader>01422nam0a2200325   4500</leader>
  <controlfield tag="001">RU\NLR\bibl\1904125</controlfield>
  <controlfield tag="005">20260406022140.0</controlfield>
  <datafield tag="010" ind1=" " ind2=" ">
    <subfield code="a">978-5-91431-048-3</subfield>
    <subfield code="9">500</subfield>
  </datafield>
  <datafield tag="021" ind1=" " ind2=" ">
    <subfield code="a">RU</subfield>
    <subfield code="b">2012-32027</subfield>
    <subfield code="9">2379</subfield>
  </datafield>
  <datafield tag="035" ind1=" " ind2=" ">
    <subfield code="a">(NLR Aleph) 001893723</subfield>
  </datafield>
  <datafield tag="090" ind1=" " ind2=" ">
    <subfield code="a">2954636</subfield>
    <subfield code="c">2954636</subfield>
  </datafield>
  <datafield tag="100" ind1=" " ind2=" ">
    <subfield code="a">20120517d2005    |||y0rusy50      ca</subfield>
  </datafield>
  <datafield tag="101" ind1="0" ind2=" ">
    <subfield code="a">rus</subfield>
  </datafield>
  <datafield tag="102" ind1=" " ind2=" ">
    <subfield code="a">RU</subfield>
  </datafield>
  <datafield tag="105" ind1=" " ind2=" ">
    <subfield code="a">c   |||||||||</subfield>
  </datafield>
  <datafield tag="200" ind1="1" ind2=" ">
    <subfield code="a">&#x410;&#x43B;&#x438;-&#x413;&#x430;&#x434;&#x436;&#x438; &#x438;&#x437; &#x418;&#x43D;&#x445;&#x43E;: &#x436;&#x438;&#x437;&#x43D;&#x44C; &#x438; &#x442;&#x432;&#x43E;&#x440;&#x447;&#x435;&#x441;&#x442;&#x432;&#x43E;</subfield>
    <subfield code="f">&#x427;. &#x421;. &#x42E;&#x441;&#x443;&#x43F;&#x43E;&#x432;&#x430;</subfield>
    <subfield code="g">&#x418;&#x43D;-&#x442; &#x44F;&#x437;., &#x43B;&#x438;&#x442;. &#x438; &#x438;&#x441;&#x43A;&#x443;&#x441;&#x441;&#x442;&#x432;&#x430; &#x438;&#x43C;. &#x413;&#x430;&#x43C;&#x437;&#x430;&#x442;&#x430; &#x426;&#x430;&#x434;&#x430;&#x441;&#x44B; &#x414;&#x430;&#x433;&#x435;&#x441;&#x442;&#x430;&#x43D;. &#x43D;&#x430;&#x443;&#x447;. &#x446;&#x435;&#x43D;&#x442;&#x440;&#x430; &#x420;&#x43E;&#x441;. &#x430;&#x43A;&#x430;&#x434;. &#x43D;&#x430;&#x443;&#x43A;</subfield>
  </datafield>
  <datafield tag="205" ind1=" " ind2=" ">
    <subfield code="a">&#x418;&#x437;&#x434;. 2-&#x435;</subfield>
  </datafield>
  <datafield tag="210" ind1=" " ind2=" ">
    <subfield code="a">&#x41C;&#x430;&#x445;&#x430;&#x447;&#x43A;&#x430;&#x43B;&#x430;</subfield>
    <subfield code="c">&#x418;&#x43D;&#x441;&#x442;&#x438;&#x442;&#x443;&#x442; &#x44F;&#x437;&#x44B;&#x43A;&#x430;, &#x43B;&#x438;&#x442;&#x435;&#x440;&#x430;&#x442;&#x443;&#x440;&#x44B; &#x438; &#x438;&#x441;&#x43A;&#x443;&#x441;&#x441;&#x442;&#x432;&#x430; &#x414;&#x430;&#x433;&#x435;&#x441;&#x442;&#x430;&#x43D;&#x441;&#x43A;&#x43E;&#x433;&#x43E; &#x43D;&#x430;&#x443;&#x447;&#x43D;&#x43E;&#x433;&#x43E; &#x446;&#x435;&#x43D;&#x442;&#x440;&#x430; &#x420;&#x410;&#x41D;</subfield>
    <subfield code="d">2005</subfield>
  </datafield>
  <datafield tag="215" ind1=" " ind2=" ">
    <subfield code="a">247, [1] &#x441;.</subfield>
    <subfield code="c">&#x43F;&#x43E;&#x440;&#x442;&#x440;.</subfield>
    <subfield code="d">21</subfield>
  </datafield>
  <datafield tag="320" ind1=" " ind2=" ">
    <subfield code="a">&#x411;&#x438;&#x431;&#x43B;&#x438;&#x43E;&#x433;&#x440;. &#x432; &#x43F;&#x440;&#x438;&#x43C;&#x435;&#x447;.: &#x441;. 14-16</subfield>
  </datafield>
  <datafield tag="600" ind1=" " ind2="0">
    <subfield code="a">&#x410;&#x43B;&#x438;-&#x413;&#x430;&#x434;&#x436;&#x438;</subfield>
    <subfield code="f">1845 - 1891</subfield>
    <subfield code="9">2109037</subfield>
    <subfield code="3">RU\NLR\auth\661578317</subfield>
  </datafield>
  <datafield tag="686" ind1=" " ind2=" ">
    <subfield code="a">&#x428;5(2=&#x410;&#x432;)5-4&#x410;&#x43B;&#x438;-&#x413;&#x430;&#x434;&#x436;&#x438;</subfield>
  </datafield>
  <datafield tag="700" ind1=" " ind2="1">
    <subfield code="4">070</subfield>
    <subfield code="8">rus</subfield>
    <subfield code="7">ca</subfield>
    <subfield code="a">&#x42E;&#x441;&#x443;&#x43F;&#x43E;&#x432;&#x430;</subfield>
    <subfield code="b">&#x427;. &#x421;.</subfield>
    <subfield code="g">&#x427;&#x430;&#x43A;&#x430;&#x440; &#x421;&#x430;&#x438;&#x434;&#x43E;&#x432;&#x43D;&#x430;</subfield>
    <subfield code="3">RU\NLR\auth\77123708</subfield>
    <subfield code="9">106633</subfield>
  </datafield>
  <datafield tag="702" ind1=" " ind2="0">
    <subfield code="4">570</subfield>
    <subfield code="8">rus</subfield>
    <subfield code="7">ca</subfield>
    <subfield code="a">&#x410;&#x43B;&#x438;-&#x413;&#x430;&#x434;&#x436;&#x438;</subfield>
    <subfield code="f">1845-1891</subfield>
    <subfield code="3">RU\NLR\AUTH\77113596</subfield>
    <subfield code="9">96521</subfield>
  </datafield>
  <datafield tag="801" ind1=" " ind2="0">
    <subfield code="a">RU</subfield>
    <subfield code="b">NLR</subfield>
    <subfield code="c">20120517</subfield>
    <subfield code="g">RCR</subfield>
  </datafield>
  <datafield tag="801" ind1=" " ind2="1">
    <subfield code="a">RU</subfield>
    <subfield code="b">NLR</subfield>
    <subfield code="c">20120517</subfield>
  </datafield>
  <datafield tag="942" ind1=" " ind2=" ">
    <subfield code="c">BOOK</subfield>
  </datafield>
  <datafield tag="980" ind1=" " ind2=" ">
    <subfield code="a">NB</subfield>
  </datafield>
  <datafield tag="995" ind1=" " ind2=" ">
    <subfield code="5">2012-05-17</subfield>
    <subfield code="a">ad</subfield>
    <subfield code="b">NLR01</subfield>
    <subfield code="c">NLR01</subfield>
    <subfield code="e">RF8</subfield>
    <subfield code="f">3656373</subfield>
    <subfield code="k">2012-3/15536</subfield>
    <subfield code="o">0</subfield>
    <subfield code="r">BOOK</subfield>
    <subfield code="s">2012315536_</subfield>
  </datafield>
  <datafield tag="995" ind1=" " ind2=" ">
    <subfield code="5">2012-05-17</subfield>
    <subfield code="a">ad</subfield>
    <subfield code="b">NLR01</subfield>
    <subfield code="c">NLR01</subfield>
    <subfield code="e">RF8</subfield>
    <subfield code="f">3656374</subfield>
    <subfield code="k">2012-3/15536</subfield>
    <subfield code="o">0</subfield>
    <subfield code="r">BOOK</subfield>
    <subfield code="s">2012315536_</subfield>
  </datafield>
</record>
